| 000 -ლიდერი |
| ფიქსირებული სიგრძის საკონტროლო ველი |
01553nam a22002417a 4500 |
| 003 - საკონტროლო ნომრის იდენტიფიკატორი |
| საკონტროლო ველი |
Ge_BSU |
| 005 - ბოლო ოპერაციის თარიღი და დრო |
| საკონტროლო ველი |
20200813142446.0 |
| 008 - ფიქსირებული სიგრძის მონაცემთა ელემენტები - ზოგადი ინფორმაცია |
| ფიქსირებული სიგრძის საკონტროლო ველი |
200810s2019 ge ||||| |||| 00| 0 geo d |
| 020 ## - წიგნის საერთაშორისო სტანდარტული ნომერი |
| International Standard Book Number |
9789941819384 |
| 041 ## - ენის კოდი |
| Language code of text/sound track or separate title |
geo |
| 080 ## - უნივერსალური ათობითი კლასიფიკაციის ინდექსი |
| Universal Decimal Classification number |
811.353.1+811.163.2 ს-79 |
| 100 ## - მთავარი ჩანაწერი - პიროვნების სახელი |
| Personal name |
სტოიანოვი ალექსანდრე (1843-1914) |
| 9 (RLIN) |
9138 |
| 245 ## - ცნობა სათაურის შესახებ |
| Title |
Александр Стоянов (1843-1914)=Alexander Stoyanov (1843-1914) = ალექსანდრე სტოიანოვი(1843-1914) : |
| Remainder of title |
ბულგარელი მოღვაწე იცავდა ქართულ ენასა და კულტურას / |
| Statement of responsibility, etc |
სტოიანოვი ალექსანდრე; თარგმ. ლუკა ოანაიოტი, გაჩეჩილაძე თინათინ, შირინიანი მარია. |
| 264 ## - წარმოების, გამოცემის, დისტრიბუციის და სხვა ცნობები |
| გამოცემის, წარმოების, დისტრიბუციის... ადგილი |
თბილისი, |
| გამოცემის, წარმოების, დისტრიბუციის... თარიღი |
2019. |
| 300 ## - ფიზიკური აღწერა |
| Extent |
66 გვ. |
| Other physical details |
20 სმ. |
| 504 ## - BIBLIOGRAPHY, ETC. NOTE |
| Bibliography, etc |
ბიბლიოგრ. გვ - 66 |
| 546 ## - LANGUAGE NOTE |
| Language note |
ტექსტები რუსულ ენაზე და ინგლისურ ენაზე. |
| 653 ## - INDEX TERM--UNCONTROLLED |
| Uncontrolled term |
ბულგარელი მოღვაწე საქართველოში |
| 700 ## - ADDED ENTRY--PERSONAL NAME |
| Personal name |
ოანაიოტი, ლუკა |
| Relator term |
მთარგმნელი |
| 9 (RLIN) |
9139 |
| 700 ## - ADDED ENTRY--PERSONAL NAME |
| Personal name |
გაჩეჩილაძე თინათინ |
| Relator term |
მთარგმნელი |
| 9 (RLIN) |
9140 |
| 700 ## - ADDED ENTRY--PERSONAL NAME |
| Personal name |
შირინიანი, მარია |
| Relator term |
მთარგმნელი |
| 9 (RLIN) |
9141 |
| 942 ## - ADDED ENTRY ELEMENTS (KOHA) |
| Source of classification or shelving scheme |
|
| Koha item type |
წიგნი |